| 000 | 00644cam a22002173a 4500 | ||
|---|---|---|---|
| 001 | 39588 | ||
| 003 | PGUSA | ||
| 005 | 20140828083859.0 | ||
| 008 | 120501s2012||||xxu|||||s|||||000 | eng d | ||
| 040 |
_aPGUSA _beng |
||
| 042 | _adc | ||
| 100 | 1 | _aLamszus, Wilhelm | |
| 245 | 1 | 4 |
_aThe Human Slaughter-House : _bScenes from the War that is Sure to Come _h[electronic resource] / _cWilhelm Lamszus |
| 260 |
_bProject Gutenberg, _c2012 |
||
| 506 | _aPublic domain in the USA. | ||
| 516 | _aElectronic text | ||
| 700 | 1 | _aWilliams, Oakley | |
| 830 | 0 |
_aProject Gutenberg _v39588 |
|
| 856 | 4 | 0 | _uhttp://www.gutenberg.org/ebooks/39588 |
| 942 | _cEB | ||
| 999 |
_c268841 _d268841 |
||